Lifelong learning, governance and active citizenship in Europe

Detalles Bibliográficos
Formato: Desconocido
Lenguaje:inglés
Publicado: Luxembourg : Office for Official Publications of the European Communities, 2006
Materias:
Acceso en línea:Acceso restringido

MARC

LEADER 00000ny a22000003n 4500
005 2011061705425.0
008 060428s2006 lu b i000 0 eng d
020 |a 9789279015410 
035 |a 4602 
040 |a BUS  |d vLex 
090 |c 826  |d 826 
245 0 0 |a Lifelong learning, governance and active citizenship in Europe  |h [Recurso electrn̤ico] 
256 |a Servicio en ln̕ea 
260 |a Luxembourg :  |b Office for Official Publications of the European Communities,  |c 2006 
300 |a p. ;  |c cm 
506 1 |a Contenido solo disponible en los productos indicados  |d vLex Global  |d vLex Global (Academic Edition, excluding Law Schools)  |d vLex Global (U.S. Academic Edition, Law Schools)  |d vLex Global (U.S. Academic Edition, excluding Law Schools)  |d vLex Global (Academic Edition, Law Schools) 
650 0 4 |a Ciudadana̕  |z Pas̕es de la Unin̤ Europea 
650 0 4 |a Educacin̤ cv̕ica  |z Pas̕es de la Unin̤ Europea 
740 0 |a vLex Libros (Servicios en ln̕ea) 
856 4 0 |u http://vlex.com/source/4602  |z Acceso restringido 
942 |c BOOK 
999 0 |a Civics--Study and teaching  |b Pas̕es de la Unin̤ Europea